000 00268nam a22001097a 4500
008 170112b xxu||||| |||| 00| 0 eng d
020 _a0826143547
041 _aeng
080 _a618.2
245 _aANNUAL REVIEW OF NURSING RESEARCH
_cFITZPATRIACK, J.J
942 _2udc
_cBK
999 _c2783
_d2783